| 000 | 00368nam a2200133Ia 4500 | ||
|---|---|---|---|
| 008 | 220217s9999||||xx |||||||||||||| ||und|| | ||
| 082 | _a620.1 RAM | ||
| 100 | _aRamamrutham, S | ||
| 245 | 0 | _aEngineering mechanics: text book of applied mechanics | |
| 250 | _a6th | ||
| 260 |
_aDhanpath rai and company _bNew Delhi _c1998 |
||
| 300 | _b135 | ||
| 650 | _aMECHANICS | ||
| 999 |
_c165184 _d165184 |
||